000 00460nam a2200145Ia 4500
008 240729s9999 xx 000 0 und d
022 _a2345-363X
245 0 _aInternational Journal of Industrial Engineering and Production Research
260 _aIran, Islamic Republic of
260 _bIran University of Science & Technology
650 _aTechnology
856 _uhttps://doaj.org/toc/4504239693e944bc825cac95dbbb9eb6
942 _2ddc
942 _cDOAJEJ
999 _c71122
_d71122
945 _a1
_bMadushi Gamage
_c1
_dMadushi Gamage